Towords an Enlighted and Human Society:NPE, 1986-A Review report (Record no. 1457388)

MARC details
000 -LEADER
fixed length control field 00573nam a2200181Ia 4500
005 - DATE AND TIME OF LATEST TRANSACTION
control field 20250923145924.0
008 - FIXED-LENGTH DATA ELEMENTS--GENERAL INFORMATION
fixed length control field 008 250917s9999 xx 000 0 eng d
037 ## - SOURCE OF ACQUISITION
Stock number Textual
040 ## - CATALOGING SOURCE
Original cataloging agency DSWL
Language of cataloging eng
Transcribing agency DSWL
041 ## - LANGUAGE CODE
Language code of text/sound track or separate title eng
Source of code eng
084 ## - COLON CLASSIFICATION NUMBER
Classification number T.2,N86t:g, N91
Assigning agency DSWL
100 ## - MAIN ENTRY--PERSONAL NAME
Personal name Ramamurti, Chirman
9 (RLIN) 840330
245 #0 - TITLE STATEMENT
Title Towords an Enlighted and Human Society:NPE, 1986-A Review report
Statement of responsibility, etc. by Chirman Ramamurti
260 ## - PUBLICATION, DISTRIBUTION, ETC.
Place of publication, distribution, etc. Delhi
Name of publisher, distributor, etc. Deptt. of education
Date of publication, distribution, etc. 1991
300 ## - PHYSICAL DESCRIPTION
Extent xi,409p.
942 ## - ADDED ENTRY ELEMENTS (KOHA)
Koha item type Textual
Classification part T.2,N86t:g, N91
Holdings
Withdrawn status Lost status Damaged status Not for loan Home library Current library Date acquired Total Checkouts Full call number Barcode Date last seen Price effective from Koha item type
        Department of Social Work Library Department of Social Work Library 2025-09-23   T.2,N86t:g, N91 SW0025566 2025-09-23 2025-09-23 Textual
Copyright @ Delhi University Library System